| 000 | 00499nam a22001697a 4500 | ||
|---|---|---|---|
| 999 |
_c8581 _d8581 |
||
| 008 | 151013b xxu||||| |||| 00| 0 eng d | ||
| 020 | _a9781133271185 | ||
| 050 | _aQA 510 .W36 2011 | ||
| 100 | _aWaner, Stefan. | ||
| 245 |
_aFinite Mathematics/ _cStefan, Waner & Steven R. Costenoble. |
||
| 260 |
_aUnited States: _bCengage learning, _c2011. |
||
| 300 |
_a394 [57] p.: _bill.; [some col] _c24 cm. |
||
| 504 | _aIncludes index. | ||
| 650 | _aMathematics. | ||
| 650 | _aCalculus. | ||
| 700 | _aCostenoble, Steven R. | ||
| 942 |
_2lcc _cBOOKS _hQA 510 .W36 2011 |
||